000 004870000a22001690004500
003 MACL
005 20160219151545.0
008 160219b xxu||||| |||| 00| 0 eng d
040 _aMACL
_cMACL
041 _aHindi
082 _a415/DHA
100 _aधर्मरक्षित भिक्षु
_939095
245 _aपालि व्‍याकरण
260 _bज्ञानमण्‍डल
_aबनारस
650 _aGrammer
_939096
942 _cHIN
_k415
_2ddc
999 _c24508
_d24508